Topological quantum numbers in nonrelativistic physics

Enregistré dans:
Détails bibliographiques
Auteur principal: Thouless, David J (Auteur)
Format: Livre
Langue:anglais
Publié: Singapur World Scientific 1998
Sujets:
Tags: Ajouter un tag
Pas de tags, Soyez le premier à ajouter un tag!

MARC

LEADER 00000nam a2200000 a 4500
001 UCL2667
003 CL-VaPUC
008 031031e19980000si |||||||||||||||||eng|d
020 |a 9810230257 
082 0 4 |a 530.14  |b THO  |2 21 
100 0 |a Thouless, David J  |e author  |9 479792 
245 1 0 |a Topological quantum numbers in nonrelativistic physics 
300 |a 426 p 
942 |c BK 
945 |d 20031031 00:00:00  |a cmena 
260 |a Singapur  |b World Scientific  |c 1998 
650 7 |a TEORIAS FISICAS  |2 CL-VaPUC  |9 479793 
650 0 |a Física matemática   |9 260981 
650 0 |a Física cuántica  |9 354949 
583 |a last modification  |c 20171221 03:12:40  |k Rodrigo Vera 
999 |c 305918  |d 305916 
952 |0 0  |1 0  |4 0  |6 530_140000000000000_THO_1998  |7 0  |8 A  |9 370476  |a BIBCUR  |b BIBCUR  |d 2019-11-21  |i 2084686  |o 530.14 THO 1998  |p 2084686  |r 2025-04-22  |w 2019-11-21  |y BK  |k FIS